Sports Quiz

Random Sports Quiz
Score 0/10 Timer 02:00
0 Plays Today
% Correct
Texas Rangers
94.1%
Kansas City Royals
94.1%
New York Mets
91.2%
Cincinnati Reds
91.2%
Baltimore Orioles
91.2%
Boston Red Sox
88.2%
Atlanta Braves
82.4%
Houston Astros
82.4%
Philadelphia Phillies
76.5%
Montreal Expos
58.8%
Remove Ads.
Support Sporcle.
Get the best of Sporcle when you Go Orange. This ad-free experience offers more features, more stats, and more fun while also helping to support Sporcle. Thank you for becoming a member.

You're not logged in!

Compare scores with friends on all Sporcle quizzes.
OR
Log In

Show Comments

Extras

Created Nov 28, 2010SourceReportNominate
Tags:bruce, chen, team

Top Quizzes Today


Score Distribution

Your Account Isn't Verified!

In order to create a playlist on Sporcle, you need to verify the email address you used during registration. Go to your Sporcle Settings to finish the process.

Report this User

Report this user for behavior that violates our Community Guidelines.

Details: